Images of food by Spain autonomous communities - Statistics

General Stats
  • This quiz has been taken 20 times
  • The average score is 12 of 17
Answer Stats
Picture Answer % Correct
Valencia
100%
Andalusia
94%
Galicia
94%
Castile and Leon
75%
Catalonia
75%
Asturias
69%
Balearic islands
69%
Cantabria
69%
Extremadura
69%
Madrid
69%
Canary islands
63%
Murcia
63%
Navarre
63%
Aragon
56%
Basque Country
56%
La Rioja
56%
Castilla La Mancha
50%
No matching quizzes found
Score Distribution
Percent of People with Each Score
Percentile by Number Answered
Your Score History
You have not taken this quiz